000 00630nam a2200193 a 4500
001 BRCA_868
005 20190320203202.0
008 950208s1994 mx-a---##b---#000-0#spa-#
020 _a9682951356
040 _aDLC
_cDLC
_dDLC
050 4 _aNK7114
_b.P63 1994
245 1 0 _aLa platería mexicana.
260 _aMéxico
_bINAH
_c1994
300 _a143 p.
_bil. a color
_c31 cm.
500 _aCatálogo de la exposición realizada en el y en el Museo regional de Guadalajara, Guadalajara, México, 1994
504 _aIncluye referencias bibliográficas
650 1 4 _aPlata de la iglesia
_vExposiciones
_zMéxico
_92895
942 _2lcc
_cB
999 _c763
_d763